| 000 | 00598nam a22002177a 4500 | ||
|---|---|---|---|
| 999 |
_c721 _d721 |
||
| 003 | OSt | ||
| 005 | 20210419110700.0 | ||
| 008 | 141106b xxu||||| |||| 00| 0 eng d | ||
| 020 | _a0192632205 | ||
| 040 | _cDNLM | ||
| 082 | _aQZ17 C923c 2000 | ||
| 100 |
_aCurran R. C.; Crocker J.; _91917 |
||
| 245 |
_aCurran's Atlas of Histopathology: _bWith 810 photomicrographs |
||
| 250 | _a4th ed. | ||
| 260 |
_aoxford: _bHarvey miller Publishers _c2000 |
||
| 300 |
_a288 p: _bcol.ill; _c30cm. |
||
| 504 | _aIncludes Index | ||
| 650 |
_aHistopathology _91849 |
||
| 650 |
_aAtlas _99564 |
||
| 942 |
_2z _cSLOAN |
||